<The> Comparison of the cost-rate and profitability of the agricultural products in the SR and CR

Komparácia a hodnotenie vývoja ekonomických ukazovateľov, ako sú náklady, výnosy, hospodársky výsledok, rentabilita v SR a ČR za obdobie rokov 1997-2000.

Guardado en:
Detalles Bibliográficos
Autor principal: Kubanková, Mária
Otros Autores: Burianová, Viera
Formato: Capítulo de libro
Lenguaje:inglés
Materias:
Etiquetas: Agregar Etiqueta
Sin Etiquetas, Sea el primero en etiquetar este registro!

MARC

LEADER 00000naa a2200000 4500
001 r048240
005 20240717104343.3
041 0 |a eng 
044 |a CZ 
245 1 0 |a <The> Comparison of the cost-rate and profitability of the agricultural products in the SR and CR  |c Mária Kubanková, Viera Burianová 
520 |a Komparácia a hodnotenie vývoja ekonomických ukazovateľov, ako sú náklady, výnosy, hospodársky výsledok, rentabilita v SR a ČR za obdobie rokov 1997-2000. 
610 2 0 |a výrobky poľnohospodárske 
610 2 0 |a náklady 
610 2 0 |a výnosy 
610 2 0 |a výsledok hospodársky 
610 2 0 |a zisk 
610 2 0 |a rentabilita 
610 2 0 |a ukazovatele ekonomické 
100 1 |a Kubanková, Mária 
700 1 |a Burianová, Viera